Lorde Music - Statistics

General Stats
  • This quiz has been taken 64 times
    41 since last reset
  • The average score is 27 of 43
Answer Stats
album song % Correct
Solar Power
94%
Pure Heroine Tennis Court
94%
Tennis Court Ep Tennis Court
94%
Ribs
88%
Royals
88%
Royals
88%
Melodrama Green Light
85%
Liability
85%
Mood ring
85%
Sober
85%
Homemade Dynamite
82%
Hard Feelings Loveless
79%
Writer in the Dark
79%
Perfect Places
76%
The Louvre
76%
Team
73%
California
67%
Supercut
67%
The Love Club
67%
400 Lux
64%
Buzzcut Season
64%
White teeth Teens
64%
Glory and Gore
61%
Liability reprise
61%
No Better No Better
61%
Secrets from a girl who's seen it all
58%
The man with the axe
58%
Solar Power The Path
58%
A World Alone
55%
Oceanic feeling
55%
Dominoes
48%
Fallen Fruit
48%
Million Dollar Bills
45%
Big Star
42%
Biting Down
42%
Still Sane
42%
The Love Club EP Bravado
39%
Sober II (Melodrama)
36%
Leader of a new regime
33%
Disclosure featuring Lorde Magnets
33%
Swingin Party
33%
Kiwiscurebatten Team Ball Player Thing
6%
Stoned at the nail station
0%
No matching quizzes found
Score Distribution
Percent of People with Each Score
Percentile by Number Answered
Your Score History
You have not taken this quiz since the last reset